Memes of 2018 - Statistics

General Stats
  • This quiz has been taken 589 times
    566 since last reset
  • The average score is 18 of 43
Answer Stats
hints Answer % Correct
Bugs bunny. But bigger Big Chungus
80%
The fifth letter in the alphabet E
79%
Earphones but without wires air pods
73%
Somebody toucha ma _______ Spaghet
71%
Do u know de way? Ugandan knuckles
71%
This channel nearly took over PewDiePie in terms of subscribers T-Series
69%
The creator of Facebook being a robot or lizard Mark Zuckerberg
68%
A fortnite streamer who bans people for "stream sniping" Ninja
65%
Yoda + Obama Yobama
60%
Number 15 Burger king foot lettuce
59%
I guess they never miss. huh. Hit or miss
57%
This is so sad. Alexa play _________ despacito
56%
The claasical four in a row game Connect four
53%
A Fortnite Youtuber's intro Ali A
51%
Don't eat this product Tide pods
51%
A skeleton wearing a blue jacket Sans
50%
LvL 1 crook Mafia city ads
47%
A little kid singing in a store Yodeling Walmart kid
45%
Lamp Moth
41%
This character not being in smash bros Waluigi
39%
do you hear _____ or ______ Yanny or Laurel
39%
Lebron James starring in an ad for this product Sprite cranberry
38%
The most disliked video on Youtube Youtube rewind 2018
38%
A boxing match between those two youtubers KSI and Logan Paul
37%
A little kid bragging about being so rich Lil Tay
36%
Mr. Stark I don't feel so good Avengers: infinity war
35%
A cat playing a percussion instrument Bongo cats
34%
Thanos ___ car
34%
They did a _______ on a ____ surgery on a grape
33%
________ analysis Kowalski
32%
dame to ______ cosita
31%
I'm not a gnelf. I'm not a gnoblin I'm a gnome
31%
She took the kids Karen taking the kids
30%
Sicko mode or __ _____ Mo bamba
30%
article 13 EU banning memes
22%
This is _______ America
21%
I'm already Tracer Maybe I'll be Tracer
20%
A metallic dancing alien Howard the alien
18%
A weird man singing about books globglogabgalab
16%
Slaps roof of car Car salesman
12%
This man wants your "credit card details" VoiceOverPete
12%
"So guys, we did it!" Pyrocinical's 250k subscribers
9%
A verse from the song "rockstar" I've been in the hills
6%
No matching quizzes found
Score Distribution
Percent of People with Each Score
Percentile by Number Answered
Your Score History
You have not taken this quiz since the last reset